000 01685nam a2200241Ia 4500
003 Ost
005 20260507075522.0
008 260507s9999||||xx |||||||||||||| ||und||
020 _a33686799619
040 _cfsecg
041 _aara
082 _a600
100 _aمرازقة، عبد الغفور
_eمؤلف
245 0 _aالسلوك البشري المعاصر في منظمات الأعمال :
_bالمفاهيم والمحددات /
_c عبد الغفور مرازقة
260 _aالجزائر:
_bدار الأمة للطباعةوالنشر والتوزيع,
_c2017
300 _a327 صفحة؛
_c24 سم
504 _aببليوغرافيا:ص.311-327
520 _aمدخل عام في السلوك التنظيمي،الشخصية الإنسانية وماهية السلوك الإنساني،دور الإدراك في بناء السلوك التنظيمي،أهمية الاتجاهات في تحديد السلوك البشري،أثر القيم التنظيمية على سلوك الأفراد،علاقة الدوافع بالسلوك الإنساني في المنظمة،تأثير الحوافز على السلوك البشري،جماعة العمل:الأهداف والمقومات،الصراع التنظيمي:آثاره وأساليب إدارته،الرضا الوظيفي:أهميته،آثاره ومقاييسه،أثر الولاء التنظيمي على الأداء البشري،تطوير الذات:مدخل أساسي للتطوير التنظيمي
653 _aإدارة الأعمال
653 _aإدارة الأفراد
700 _aالصوالحة، أيوب أحمد
_eمؤلف ثانوي
942 _cكتاب
999 _c44780
_d44780